000 01343nam a22002417a 4500
005 20250623154859.0
008 250623b |||||||| |||| 00| 0 eng d
020 _a9781837673865
040 _aCSL
_cCSL
041 _2eng
_aeng
084 _aE:2 R4
_qCSL
100 _aAtkins, Peter
_eauthor.
_9277344
245 _aConcepts in Physical Chemistry
250 _a2nd ed.
260 _aLondon :
_bRoyal Society of Chemistry,
_c2024.
300 _ax, 384p.
_b: ill.
_c; 24 cm.
500 _a
520 _aCompletely revised and updated for a second edition, this reference guide is an essential summary of the key concepts in physical chemistry that are likely to be encountered by undergraduate chemistry students. This book also serves as a useful reference for all who encounter physical chemical concepts in their professional activities or research. Written by a renowned textbook author and educator, this new edition of Concepts in Physical Chemistry is a convenient, easy-to-use, and authoritative reference; the chemical terms, ideas, and equations most frequently encountered in classroom or laboratory are clearly defined and explained.
650 _aPhysical chemistry.
_9192709
650 _a Chemical kinetics.
_9814255
650 _aElectrochemistry.
942 _2CC
_cTEXL
_e2nd ed.
_hE:2 R4
_n0
999 _c1432803
_d1432803